[Event "Leca da Palmeira op 3rd"]
[Site "Leca da Palmeira"]
[Date "2024.08.06"]
[Round "9"]
[White "Pinho, Paulo Miguel"]
[Black "Silva, Miguel Antonio Neto"]
[Result "0-1"]
[WhiteElo "2116"]
[BlackElo "2192"]
[PlyCount "54"]
[EventDate "2024.07.31"]
[EventType "swiss"]
[EventRounds "9"]
[EventCountry "POR"]
[SourceTitle "EXT 2025"]
[Source "ChessBase"]
[SourceDate "2024.10.14"]
[SourceVersion "1"]
[SourceVersionDate "2024.10.14"]
[SourceQuality "1"]

1. d4 Nf6 2. c4 g6 3. Nc3 d5 4. Nf3 Bg7 5. Qb3 dxc4 6. Qxc4 0-0 7. e4 a6 8. Be2 b5 9. Qb3 c5 10. e5 Be6 11. Qd1 Nd5 12. 0-0 cxd4 13. Nxd5 Bxd5 14. Qxd4 Nc6 15. Qh4 Nxe5 16. Nxe5 Bxe5 17. Bg5 Qc7 18. Rad1 e6 19. b3 Qb7 20. f4 Bg7 21. Bf3 f6 22. Bh6 Rad8 23. Bxg7 Kxg7 24. Rde1 Rfe8 25. Re3 Qb6 26. Qe1 e5 27. Bxd5 exf4 0-1

[Event "Famalicao op 11th"]
[Site "Vila Nova de Famalicao"]
[Date "2024.07.26"]
[Round "6"]
[White "Pinho, Paulo Miguel"]
[Black "Spraggett, Kevin"]
[Result "0-1"]
[WhiteElo "2116"]
[BlackElo "2440"]
[PlyCount "60"]
[EventDate "2024.07.22"]
[EventType "swiss"]
[EventRounds "9"]
[EventCountry "POR"]
[SourceTitle "CBM 221 Extra"]
[Source "ChessBase"]
[SourceDate "2024.09.30"]
[SourceVersion "1"]
[SourceVersionDate "2024.09.30"]
[SourceQuality "1"]

1. d4 d5 2. Nf3 Nf6 3. c4 dxc4 4. e3 Bg4 5. Bxc4 e6 6. Nc3 c5 7. h3 Bh5 8. d5 exd5 9. Nxd5 Nc6 10. 0-0 Nxd5 11. Bxd5 Qc7 12. Qa4 Be7 13. Ne5 Rc8 14. Bxc6+ bxc6 15. Nc4 0-0 16. b3 Rfe8 17. Bb2 Bf8 18. Qa5 Qb8 19. Rfc1 Re6 20. Qc3 Rd8 21. Rc2 Rd5 22. Re1 Qd8 23. f4 Bg6 24. Rf2 Be4 25. Qa5 Qh4 26. Ne5 f6 27. Qa4 Bxg2 28. f5 Be4 29. fxe6 Rd2 30. Ree2 Rd1+ 0-1

[Event "Leca da Palmeira op 2nd"]
[Site "Leca da Palmeira"]
[Date "2023.08.04"]
[Round "7"]
[White "Pinho, Paulo Miguel"]
[Black "Potluri, Saye Srreezza"]
[Result "1-0"]
[WhiteElo "2162"]
[BlackElo "1919"]
[PlyCount "41"]
[EventDate "2023.07.31"]
[EventType "swiss"]
[EventRounds "9"]
[EventCountry "POR"]
[SourceTitle "CBM 215 Extra"]
[Source "ChessBase"]
[SourceDate "2023.09.30"]
[SourceVersion "1"]
[SourceVersionDate "2023.09.30"]
[SourceQuality "1"]

1. d4 Nf6 2. c4 e6 3. Nf3 b6 4. g3 Bb7 5. Bg2 Be7 6. 0-0 0-0 7. d5 exd5 8. Nh4 c6 9. cxd5 Ne8 10. Nf5 Bf6 11. Nc3 Bxc3 12. bxc3 cxd5 13. Ba3 d6 14. c4 Na6 15. cxd5 Nc5 16. e4 Bc8 17. Nd4 f5 18. Nc6 Qf6 19. e5 dxe5 20. Bb2 Nd7 21. f4 1-0

[Event "Famalicao op 10th"]
[Site "Vila Nova de Famalicao"]
[Date "2023.07.27"]
[Round "6"]
[White "Santos, Judith"]
[Black "Pinho, Paulo Miguel"]
[Result "0-1"]
[WhiteElo "1773"]
[BlackElo "2162"]
[PlyCount "54"]
[EventDate "2023.07.24"]
[EventType "swiss"]
[EventRounds "9"]
[EventCountry "POR"]
[SourceTitle "EXT 2024"]
[Source "ChessBase"]
[SourceDate "2023.10.10"]
[SourceVersion "1"]
[SourceVersionDate "2023.10.10"]
[SourceQuality "1"]

1. e4 c5 2. Nf3 e6 3. c4 d6 4. Nc3 a6 5. d4 cxd4 6. Nxd4 Nf6 7. Be2 Be7 8. 0-0 0-0 9. Be3 b6 10. f3 Bb7 11. Rc1 Nbd7 12. Nc2 Rc8 13. Qd2 Re8 14. Rfd1 Qc7 15. Bf4 Ne5 16. Bxe5 dxe5 17. Kh1 Red8 18. Qe1 Nd7 19. Rd3 Nb8 20. Rcd1 Rxd3 21. Rxd3 Nc6 22. Qd1 Bc5 23. Rd7 Qb8 24. Rd3 Nd4 25. Na4 Nxc2 26. Nxc5 Nb4 27. Nd7 Nxd3 0-1

[Event "POR-chT"]
[Site "Ovar"]
[Date "2022.07.19"]
[Round "6.1"]
[White "Pinho, Paulo Miguel"]
[Black "Cumming, Rhys"]
[Result "0-1"]
[WhiteElo "2147"]
[BlackElo "2338"]
[PlyCount "40"]
[EventDate "2022.07.16"]
[EventType "team-tourn"]
[EventRounds "9"]
[EventCountry "POR"]
[SourceTitle "CBM 209 Extra"]
[Source "ChessBase"]
[SourceDate "2022.09.30"]
[SourceVersion "1"]
[SourceVersionDate "2022.09.30"]
[SourceQuality "1"]
[WhiteTeam "Porto Colegio Efanor"]
[BlackTeam "Montemor o Velho"]
[WhiteTeamCountry "POR"]
[BlackTeamCountry "POR"]

1. d4 Nf6 2. c4 g6 3. Nc3 d5 4. Nf3 Bg7 5. Bf4 dxc4 6. e4 c5 7. dxc5 Qa5 8. Nd2 Be6 9. Nxc4 Bxc4 10. Bxc4 Nxe4 11. 0-0 Nxc3 12. Qb3 0-0 13. Be3 Nd7 14. Qxb7 Nxc5 15. Qxe7 N3e4 16. b4 Qxb4 17. Rac1 Rac8 18. Bd5 Nc3 19. Bf3 a5 20. Rc2 Nd3 0-1

[Event "Guimaraes op"]
[Site "Guimaraes"]
[Date "2021.08.25"]
[Round "2"]
[White "Zwardon, Vojtech"]
[Black "Pinho, Paulo Miguel"]
[Result "0-1"]
[WhiteElo "2466"]
[BlackElo "2164"]
[PlyCount "146"]
[EventDate "2021.08.24"]
[EventType "swiss"]
[EventRounds "9"]
[EventCountry "POR"]
[SourceTitle "CBM 204 Extra"]
[Source "ChessBase"]
[SourceDate "2021.11.30"]
[SourceVersion "1"]
[SourceVersionDate "2021.11.30"]
[SourceQuality "1"]

1. c4 g6 2. g3 Bg7 3. Bg2 c5 4. Nc3 Nc6 5. d3 e6 6. Nh3 Nge7 7. Nf4 b6 8. 0-0 Bb7 9. Qd2 0-0 10. e3 Rb8 11. Rb1 Ne5 12. e4 f5 13. b3 N7c6 14. Nce2 Qe8 15. Kh1 g5 16. Nh3 g4 17. Nhf4 Nf3 18. Qd1 e5 19. Nd5 fxe4 20. dxe4 Qg6 21. Qd3 Qh5 22. Bxf3 Rxf3 23. Be3 Rbf8 24. Ng1 R3f7 25. Kg2 Qg6 26. a3 d6 27. b4 Nd8 28. bxc5 dxc5 29. a4 Nc6 30. Rbd1 Nb4 31. Qb1 Ba6 32. Rc1 Nxd5 33. cxd5 Bh6 34. Bxh6 Bxf1+ 35. Rxf1 Qxh6 36. Qb2 Qd6 37. Ne2 Rf3 38. Ng1 Rd3 39. Qe2 Rd4 40. Qxg4+ Qg6 41. Qxg6+ hxg6 42. Re1 Rxa4 43. Nf3 Ra2 44. d6 Kg7 45. Rd1 Kf6 46. Rd5 Ke6 47. d7 Ke7 48. Nxe5 Raxf2+ 49. Kh3 R2f6 50. Nc4 Rd8 51. e5 Re6 52. Rd2 Rxd7 53. Rb2 Rd4 54. Nd6 Rxe5 55. Nc8+ Kd7 56. Nxa7 Rb4 57. Rd2+ Kc7 58. Rf2 Rh5+ 59. Kg2 Kb7 60. Rf7+ Ka6 61. h4 c4 62. Nc6 Rb2+ 63. Kh3 c3 64. Ra7+ Kb5 65. Nd4+ Kc4 66. Nf3 Rd5 67. Ne1 Kb3 68. Ra6 b5 69. Rxg6 Re2 70. Ng2 c2 71. Rc6 Rd1 72. Nf4 Re3 73. h5 Rc3 0-1

[Event "Santo Tirso IM"]
[Site "Santo Tirso"]
[Date "2020.08.14"]
[Round "3"]
[White "Storme, Isak"]
[Black "Pinho, Paulo Miguel"]
[Result "1-0"]
[WhiteElo "2353"]
[BlackElo "2153"]
[PlyCount "57"]
[EventDate "2020.08.13"]
[EventType "tourn"]
[EventRounds "9"]
[EventCountry "POR"]
[EventCategory "4"]
[SourceTitle "CBM 197 Extra"]
[Source "ChessBase"]
[SourceDate "2020.09.30"]
[SourceVersion "1"]
[SourceVersionDate "2020.09.30"]
[SourceQuality "1"]

1. e4 c5 2. Nf3 e6 3. d4 cxd4 4. Nxd4 a6 5. Bd3 Nf6 6. 0-0 d6 7. b3 Nbd7 8. Bb2 b6 9. Qe2 Bb7 10. c4 Be7 11. Nd2 g6 12. f4 e5 13. Nc2 exf4 14. Rxf4 0-0 15. Ne3 Ne5 16. Kh1 Nfd7 17. Bc2 Rc8 18. Nf3 Nxf3 19. Rxf3 Ne5 20. Rff1 Qc7 21. Rad1 Rfe8 22. b4 Bg5 23. Bb3 Bxe4 24. c5 dxc5 25. Ng4 c4 26. Qxe4 Nd3 27. Qd5 Nxb2 28. Qxg5 cxb3 29. Nf6+ 1-0

[Event "Famalicao op 7th"]
[Site "Vila Nova de Famalicao"]
[Date "2019.07.31"]
[Round "6"]
[White "Pinho, Paulo Miguel"]
[Black "Garijo Perez, Hugo"]
[Result "1/2-1/2"]
[WhiteElo "2200"]
[BlackElo "1648"]
[PlyCount "88"]
[EventDate "2019.07.28"]
[EventType "swiss"]
[EventRounds "9"]
[EventCountry "POR"]
[SourceTitle "CBM 191 Extra"]
[Source "ChessBase"]
[SourceDate "2019.09.30"]
[SourceVersion "1"]
[SourceVersionDate "2019.09.30"]
[SourceQuality "1"]

1. d4 Nf6 2. c4 e6 3. Nf3 d5 4. g3 Be7 5. Bg2 c6 6. 0-0 0-0 7. b3 Nbd7 8. Nc3 Re8 9. Qc2 Bd6 10. Rd1 Bb8 11. Bb2 b6 12. e4 dxe4 13. Ne5 Qc7 14. Nxc6 Bb7 15. Nxb8 Raxb8 16. Nxe4 Nxe4 17. Bxe4 Nf6 18. Bxb7 Qxb7 19. d5 Nd7 20. b4 exd5 21. Rxd5 Rbc8 22. Rad1 Nf8 23. Qc3 f6 24. h4 Qa6 25. R5d4 b5 26. Rc1 bxc4 27. a4 Re2 28. Rc2 Qe6 29. Kf1 Rxc2 30. Qxc2 Ng6 31. Bc3 Ne5 32. Qe4 Qc6 33. Qd5+ Qxd5 34. Rxd5 Nd3 35. Ke2 Rc7 36. b5 Kf7 37. f3 Ke6 38. Rd8 Nc5 39. Ba5 Rb7 40. Re8+ Kd5 41. Rd8+ Ke6 42. Rd4 Nxa4 43. Rxc4 Nb6 44. Rc6+ Ke5 1/2-1/2

[Event "Gibraltar Masters 17th"]
[Site "Caleta"]
[Date "2019.01.28"]
[Round "7"]
[White "Pinho, Paulo Miguel"]
[Black "Ramasindraibe, Girard"]
[Result "1-0"]
[WhiteElo "2205"]
[BlackElo "2129"]
[PlyCount "81"]
[EventDate "2019.01.22"]
[EventType "swiss"]
[EventRounds "10"]
[EventCountry "GGB"]
[SourceTitle "CBM 188 Extra"]
[Source "ChessBase"]
[SourceDate "2019.02.28"]
[SourceVersion "1"]
[SourceVersionDate "2019.02.28"]
[SourceQuality "1"]

1. d4 Nf6 2. c4 g6 3. Nc3 d5 4. Qb3 dxc4 5. Qxc4 Bg7 6. e4 Nfd7 7. Be3 0-0 8. Nf3 c6 9. Be2 a5 10. Qb3 b5 11. a4 b4 12. Nb1 e5 13. dxe5 Nxe5 14. Nxe5 Bxe5 15. Nd2 Bd4 16. 0-0 c5 17. Rfd1 Be6 18. Bc4 Bxe3 19. Qxe3 Qe7 20. Bxe6 fxe6 21. Rac1 Nd7 22. Nc4 Nf6 23. f3 Nh5 24. Ne5 Rad8 25. Rxd8 Qxd8 26. Nc6 Qh4 27. Qxc5 Nf4 28. Qc2 Qg5 29. Kh1 Rf7 30. Rg1 Rc7 31. Qc4 Qf6 32. e5 Qf8 33. Rd1 Nd5 34. Qb5 Qf5 35. Nd4 Qxe5 36. Qe8+ Kg7 37. Nxe6+ Kh6 38. Nxc7 Qxc7 39. Qf8+ Kh5 40. Rxd5+ g5 41. g4+ 1-0

[Event "Gibraltar Challengers op-B"]
[Site "Caleta"]
[Date "2019.01.27"]
[Round "2"]
[White "Pinho, Paulo Miguel"]
[Black "Cano Sevilla, Ivan"]
[Result "1-0"]
[WhiteElo "2205"]
[BlackElo "1950"]
[PlyCount "53"]
[EventDate "2019.01.26"]
[EventType "swiss"]
[EventRounds "5"]
[EventCountry "GGB"]
[SourceTitle "CBM 188 Extra"]
[Source "ChessBase"]
[SourceDate "2019.02.28"]
[SourceVersion "1"]
[SourceVersionDate "2019.02.28"]
[SourceQuality "1"]

1. d4 Nf6 2. c4 e6 3. Nf3 c5 4. d5 b5 5. e4 Nxe4 6. Bd3 Nf6 7. Nc3 b4 8. Ne4 d6 9. Nxf6+ gxf6 10. dxe6 fxe6 11. Be4 d5 12. cxd5 Bb7 13. Ne5 fxe5 14. Qh5+ Kd7 15. Bg5 Be7 16. Qf7 exd5 17. Bf5+ Kc6 18. Bxe7 Qg8 19. Qf6+ Kb5 20. Qd6 Na6 21. a3 Qxg2 22. a4+ Kc4 23. Ke2 e4 24. b3+ Kxb3 25. Rhb1+ Kc2 26. Qf4 Qf3+ 27. Qxf3 1-0

[Event "Gibraltar Masters 17th"]
[Site "Caleta"]
[Date "2019.01.27"]
[Round "6"]
[White "Zhukova, Natalia"]
[Black "Pinho, Paulo Miguel"]
[Result "1-0"]
[WhiteElo "2377"]
[BlackElo "2205"]
[PlyCount "89"]
[EventDate "2019.01.22"]
[EventType "swiss"]
[EventRounds "10"]
[EventCountry "GGB"]
[SourceTitle "CBM 188 Extra"]
[Source "ChessBase"]
[SourceDate "2019.02.28"]
[SourceVersion "1"]
[SourceVersionDate "2019.02.28"]
[SourceQuality "1"]

1. c4 Nf6 2. Nc3 g6 3. d4 Bg7 4. e4 0-0 5. Bg5 d6 6. f3 Nbd7 7. Nh3 c6 8. Nf2 Qa5 9. Qd2 a6 10. Be2 b5 11. 0-0 e5 12. d5 cxd5 13. cxd5 b4 14. Ncd1 Nc5 15. Ne3 Qb6 16. Nc4 Qb8 17. Rfc1 a5 18. Nxe5 Nfxe4 19. fxe4 Bxe5 20. Bf4 Re8 21. Bxe5 Rxe5 22. Bf3 Bd7 23. b3 a4 24. Rab1 axb3 25. axb3 f5 26. exf5 Bxf5 27. Rb2 Ra3 28. g4 Bd7 29. Rc4 Qf8 30. Rf4 Qe7 31. Rxb4 Re3 32. Bd1 Ra1 33. Kg2 Re1 34. Rb8+ Be8 35. b4 Raxd1 36. bxc5 Rxd2 37. Rxd2 Qe3 38. Rc2 dxc5 39. d6 Kg7 40. Rb7+ Bf7 41. Re7 Qb3 42. Rxe1 Qxc2 43. d7 Bd5+ 44. Kg1 Qc3 45. Re7+ 1-0

[Event "Gibraltar Challengers op-A"]
[Site "Caleta"]
[Date "2019.01.25"]
[Round "5"]
[White "Abdulraheem, Abdulrahman Akintoy"]
[Black "Pinho, Paulo Miguel"]
[Result "1-0"]
[WhiteElo "2224"]
[BlackElo "2205"]
[PlyCount "99"]
[EventDate "2019.01.21"]
[EventType "swiss"]
[EventRounds "5"]
[EventCountry "GGB"]
[SourceTitle "CBM 188 Extra"]
[Source "ChessBase"]
[SourceDate "2019.02.28"]
[SourceVersion "1"]
[SourceVersionDate "2019.02.28"]
[SourceQuality "1"]

1. Nf3 Nf6 2. c4 g6 3. Nc3 Bg7 4. e4 0-0 5. d4 d6 6. Be2 e5 7. 0-0 Nc6 8. d5 Ne7 9. b4 Nh5 10. c5 a5 11. cxd6 cxd6 12. bxa5 Nf4 13. Bd2 Bh6 14. g3 Nxe2+ 15. Qxe2 Bxd2 16. Nxd2 Rxa5 17. Nc4 Ra6 18. f4 Bh3 19. Rf2 f6 20. Rb1 Qc7 21. fxe5 fxe5 22. Rxf8+ Kxf8 23. Nb5 Qc5+ 24. Qf2+ Qxf2+ 25. Kxf2 Rxa2+ 26. Kf3 h5 27. Nbxd6 Bg4+ 28. Ke3 Re2+ 29. Kd3 Rxh2 30. Nxe5 Rg2 31. Nxg4 hxg4 32. Rf1+ Kg8 33. Nxb7 Rxg3+ 34. Kd4 Rf3 35. Rxf3 gxf3 36. Ke3 Kf7 37. Nd6+ Kf6 38. Nc4 g5 39. Kxf3 Ng6 40. Kg4 Ne7 41. e5+ Kf7 42. d6 Nc6 43. Kf5 Nd8 44. Ne3 Ne6 45. Ng4 Ng7+ 46. Ke4 Ke6 47. Kd4 Kf5 48. Kd5 Ne8 49. Ne3+ Kf4 50. d7 1-0

[Event "Gibraltar Challengers op-A"]
[Site "Caleta"]
[Date "2019.01.24"]
[Round "4"]
[White "Pinho, Paulo Miguel"]
[Black "Rodriguez Perez, Angel Mariano"]
[Result "1/2-1/2"]
[WhiteElo "2205"]
[BlackElo "2204"]
[PlyCount "44"]
[EventDate "2019.01.21"]
[EventType "swiss"]
[EventRounds "5"]
[EventCountry "GGB"]
[SourceTitle "CBM 188 Extra"]
[Source "ChessBase"]
[SourceDate "2019.02.28"]
[SourceVersion "1"]
[SourceVersionDate "2019.02.28"]
[SourceQuality "1"]

1. d4 g6 2. c4 Bg7 3. e4 d6 4. Nc3 Nf6 5. Be2 0-0 6. Nf3 e5 7. 0-0 exd4 8. Nxd4 Re8 9. f3 Nc6 10. Be3 Nd7 11. Qd2 Nf8 12. Rad1 Nxd4 13. Bxd4 Bxd4+ 14. Qxd4 Ne6 15. Qd2 a5 16. f4 Nc5 17. Qd4 f5 18. e5 Ne6 19. Qf2 Nc5 20. Qd4 Ne6 21. Qe3 Nc5 22. Qd4 Ne6 1/2-1/2

[Event "Gibraltar Challengers op-A"]
[Site "Caleta"]
[Date "2019.01.23"]
[Round "3"]
[White "Gonzalez Gonzalez, Alfonso"]
[Black "Pinho, Paulo Miguel"]
[Result "0-1"]
[WhiteElo "2160"]
[BlackElo "2205"]
[PlyCount "70"]
[EventDate "2019.01.21"]
[EventType "swiss"]
[EventRounds "5"]
[EventCountry "GGB"]
[SourceTitle "CBM 188 Extra"]
[Source "ChessBase"]
[SourceDate "2019.02.28"]
[SourceVersion "1"]
[SourceVersionDate "2019.02.28"]
[SourceQuality "1"]

1. d4 Nf6 2. Bg5 Ne4 3. Bh4 g5 4. f3 gxh4 5. fxe4 c5 6. e3 Bh6 7. Qd3 Nc6 8. c3 Qb6 9. b3 c4 10. Qxc4 Bxe3 11. Nf3 d6 12. Qd3 Bh6 13. Nxh4 Bd7 14. Nd2 Rc8 15. Nc4 Qa6 16. Qf3 b5 17. Ne3 Qa5 18. b4 Nxb4 19. cxb4 Qxb4+ 20. Kf2 Qd2+ 21. Be2 Rc3 22. Nhf5 Bxf5 23. Nxf5 Rxf3+ 24. gxf3 e6 25. Rad1 Qf4 26. Bxb5+ Kd8 27. Nxh6 Qxh6 28. Rhg1 Ke7 29. d5 Rb8 30. a4 a6 31. Bxa6 Rb2+ 32. Kg3 Qxh2+ 33. Kg4 Kf6 34. f4 h5+ 35. Kf3 Qf2# 0-1

[Event "Gibraltar Masters 17th"]
[Site "Caleta"]
[Date "2019.01.22"]
[Round "1"]
[White "Pinho, Paulo Miguel"]
[Black "Hjartarson, Johann"]
[Result "0-1"]
[WhiteElo "2205"]
[BlackElo "2530"]
[PlyCount "46"]
[EventDate "2019.01.22"]
[EventType "swiss"]
[EventRounds "10"]
[EventCountry "GGB"]
[SourceTitle "CBM 188 Extra"]
[Source "ChessBase"]
[SourceDate "2019.02.28"]
[SourceVersion "1"]
[SourceVersionDate "2019.02.28"]
[SourceQuality "1"]

1. d4 Nf6 2. c4 e6 3. Nf3 b6 4. Nc3 Bb4 5. Bg5 Bb7 6. e3 h6 7. Bh4 g5 8. Bg3 Ne4 9. Qc2 Bxc3+ 10. bxc3 d6 11. Bd3 f5 12. d5 Na6 13. Nd4 Nac5 14. 0-0 Qe7 15. f3 Nxd3 16. fxe4 Nc5 17. e5 0-0 18. Rad1 dxe5 19. Bxe5 exd5 20. Rxf5 Bc8 21. Nc6 Qe8 22. Rff1 Qxc6 23. Rf6 Qe8 0-1

[Event "Gibraltar Challengers op-A"]
[Site "Caleta"]
[Date "2019.01.22"]
[Round "2"]
[White "Pinho, Paulo Miguel"]
[Black "Osuna Vega, Enrique"]
[Result "1-0"]
[WhiteElo "2205"]
[BlackElo "2116"]
[PlyCount "77"]
[EventDate "2019.01.21"]
[EventType "swiss"]
[EventRounds "5"]
[EventCountry "GGB"]
[SourceTitle "CBM 188 Extra"]
[Source "ChessBase"]
[SourceDate "2019.02.28"]
[SourceVersion "1"]
[SourceVersionDate "2019.02.28"]
[SourceQuality "1"]

1. d4 e6 2. Nf3 f5 3. g3 Nf6 4. Bg2 d5 5. b3 Bb4+ 6. c3 Bd6 7. Ba3 Bxa3 8. Nxa3 Ne4 9. Qc1 Qe7 10. 0-0 0-0 11. c4 c6 12. Nc2 Nd7 13. Nce1 b6 14. cxd5 cxd5 15. Nd3 Ba6 16. Qb2 Bxd3 17. exd3 Nef6 18. Rfe1 Qd6 19. Re2 h6 20. Rc1 Rac8 21. Ne5 Rxc1+ 22. Qxc1 Re8 23. h3 b5 24. Qc3 Kh7 25. Rc2 Nb6 26. Qa5 Nbd7 27. Rc6 Qb8 28. Rc7 Rc8 29. Rxd7 Nxd7 30. Nxd7 Rc1+ 31. Kh2 Qb7 32. Nf8+ Kg8 33. Nxe6 Qd7 34. Nf4 Rc2 35. Qe1 Kh7 36. Bxd5 g5 37. Be6 Qxd4 38. Bxf5+ Kg8 39. Qe8+ 1-0

[Event "Guimaraes 2nd"]
[Site "Guimaraes"]
[Date "2018.10.06"]
[Round "4"]
[White "Pinho, Paulo Miguel"]
[Black "Guimaraes, Alvaro JE"]
[Result "1-0"]
[WhiteElo "2212"]
[BlackElo "1801"]
[PlyCount "35"]
[EventDate "2018.10.04"]
[EventType "swiss"]
[EventRounds "7"]
[EventCountry "POR"]
[SourceTitle "CBM 186 Extra"]
[Source "ChessBase"]
[SourceDate "2018.08.24"]
[SourceVersion "1"]
[SourceVersionDate "2018.08.24"]
[SourceQuality "1"]

1. d4 g6 2. c4 Bg7 3. e4 d6 4. Nc3 Nc6 5. Be3 e5 6. d5 Nce7 7. c5 f5 8. cxd6 cxd6 9. Bb5+ Kf7 10. Nh3 f4 11. Ng5+ Kf6 12. Bxf4 Bh6 13. h4 Kg7 14. Be3 Nf6 15. Be2 Qa5 16. Qd2 Ng4 17. Bxg4 Bxg4 18. Ne6+ 1-0

[Event "Famalicao op 6th"]
[Site "Famalicao"]
[Date "2018.08.04"]
[Round "9"]
[White "Pinho, Paulo Miguel"]
[Black "Ermel, Francisco Roberto"]
[Result "1-0"]
[WhiteElo "2197"]
[BlackElo "2013"]
[PlyCount "104"]
[EventDate "2018.07.29"]
[EventType "swiss"]
[EventRounds "9"]
[EventCountry "POR"]
[SourceTitle "CBM 185 Extra"]
[Source "ChessBase"]
[SourceDate "2018.07.29"]
[SourceVersion "1"]
[SourceVersionDate "2018.07.29"]
[SourceQuality "1"]

1. d4 Nf6 2. c4 g6 3. Nc3 d5 4. Bf4 Bg7 5. Rc1 c6 6. e3 0-0 7. Nf3 Bf5 8. Be2 dxc4 9. Bxc4 Nbd7 10. 0-0 Rc8 11. Qe2 Nb6 12. Bb3 c5 13. Rfd1 c4 14. Bc2 Bxc2 15. Rxc2 Nh5 16. Bg5 Qd7 17. h3 h6 18. Bh4 Qe6 19. Nd2 Rfd8 20. Qf3 Nd5 21. Nxd5 Rxd5 22. Bxe7 Rc7 23. Bb4 a5 24. Bc3 Rf5 25. Qe4 Qd7 26. g4 Nf6 27. Qg2 Rb5 28. Rdc1 h5 29. a4 Rd5 30. g5 Nh7 31. Ne4 b6 32. h4 Kh8 33. Nd2 Rf5 34. Ne4 Rd5 35. Ng3 Rd6 36. Qa8+ Rc8 37. Qf3 Kg8 38. Ne4 Rd5 39. Bd2 Rf5 40. Qg2 Rd5 41. Rxc4 Rxc4 42. Rxc4 b5 43. Nc5 Qd8 44. axb5 Nxg5 45. e4 Rxd4 46. Rxd4 Qxd4 47. Qxg5 Qxb2 48. Nd7 a4 49. Bc1 Qb1 50. Kh2 Qxe4 51. Nf6+ Bxf6 52. Qxf6 Qb4 1-0

[Event "Famalicao op 6th"]
[Site "Famalicao"]
[Date "2018.08.03"]
[Round "8"]
[White "Nagy, Gabor"]
[Black "Pinho, Paulo Miguel"]
[Result "1-0"]
[WhiteElo "2474"]
[BlackElo "2197"]
[PlyCount "49"]
[EventDate "2018.07.29"]
[EventType "swiss"]
[EventRounds "9"]
[EventCountry "POR"]
[SourceTitle "CBM 185 Extra"]
[Source "ChessBase"]
[SourceDate "2018.07.29"]
[SourceVersion "1"]
[SourceVersionDate "2018.07.29"]
[SourceQuality "1"]

1. Nf3 c5 2. c4 Nf6 3. Nc3 b6 4. g3 Bb7 5. Bg2 e6 6. 0-0 Be7 7. d4 cxd4 8. Qxd4 d6 9. Bg5 a6 10. Rfd1 Nbd7 11. Qd2 Qc7 12. Bf4 e5 13. Bg5 0-0 14. Nh4 Bxg2 15. Nf5 Bd8 16. Kxg2 Qxc4 17. Nxd6 Qe6 18. Rac1 Be7 19. e4 Rad8 20. Nf5 Bb4 21. Qd3 Rc8 22. Nd5 Nxd5 23. exd5 Qg6 24. Be7 Nc5 25. Bxc5 1-0

[Event "Famalicao op 6th"]
[Site "Famalicao"]
[Date "2018.07.30"]
[Round "3"]
[White "Pinho, Paulo Miguel"]
[Black "Oratovsky, Michael"]
[Result "0-1"]
[WhiteElo "2197"]
[BlackElo "2474"]
[PlyCount "74"]
[EventDate "2018.07.29"]
[EventType "swiss"]
[EventRounds "9"]
[EventCountry "POR"]
[SourceTitle "CBM 185 Extra"]
[Source "ChessBase"]
[SourceDate "2018.07.29"]
[SourceVersion "1"]
[SourceVersionDate "2018.07.29"]
[SourceQuality "1"]

1. d4 d6 2. c4 e5 3. Nf3 e4 4. Ng5 f5 5. Nc3 c6 6. Nh3 Be7 7. e3 Nf6 8. Nf4 Na6 9. b3 0-0 10. Bb2 Nc7 11. d5 c5 12. Be2 a6 13. h3 b5 14. g4 b4 15. Na4 g5 16. Ng2 Nce8 17. gxf5 Bxf5 18. h4 h6 19. hxg5 hxg5 20. Qc2 Ng7 21. 0-0-0 Nd7 22. Rdg1 Bf6 23. Ne1 Ne5 24. Rh2 Qe7 25. Qd1 Rae8 26. Rhg2 Kf7 27. Kd2 Rh8 28. Qa1 Rh3 29. a3 a5 30. Rg3 Reh8 31. Bd1 Rxg3 32. Rxg3 Rh2 33. Rg2 Rh1 34. axb4 axb4 35. Nb6 Rxe1 36. Kxe1 Nd3+ 37. Kf1 Nxb2 0-1

[Event "Famalicao op 6th"]
[Site "Famalicao"]
[Date "2018.07.29"]
[Round "1"]
[White "Pinho, Paulo Miguel"]
[Black "Dong, Rafael"]
[Result "1-0"]
[WhiteElo "2197"]
[BlackElo "1364"]
[PlyCount "67"]
[EventDate "2018.07.29"]
[EventType "swiss"]
[EventRounds "9"]
[EventCountry "POR"]
[SourceTitle "CBM 185 Extra"]
[Source "ChessBase"]
[SourceDate "2018.07.29"]
[SourceVersion "1"]
[SourceVersionDate "2018.07.29"]
[SourceQuality "1"]

1. d4 Nf6 2. c4 e6 3. Nf3 Be7 4. g3 d5 5. Bg2 Nbd7 6. 0-0 0-0 7. Qc2 c6 8. b3 b6 9. Rd1 Ba6 10. Nfd2 Ne8 11. e4 Nc7 12. Nc3 Nf6 13. Bb2 Rc8 14. Rac1 Bb7 15. Qb1 b5 16. Bf1 b4 17. Na4 Nd7 18. Qd3 Nb6 19. Nc5 Bxc5 20. dxc5 Nd7 21. cxd5 exd5 22. Qd4 Qf6 23. Qxb4 Qxb2 24. Qxb7 Ne5 25. exd5 Nxd5 26. Nc4 Rb8 27. Nxb2 Rxb7 28. Bg2 Ne7 29. f4 Ng4 30. Nc4 Rb5 31. Rd7 Nc8 32. Nd6 Ra5 33. a4 Nf6 34. Rc7 1-0

[Event "Gibraltar Masters 16th"]
[Site "Caleta"]
[Date "2018.01.31"]
[Round "9"]
[White "Cherigui, Mourad"]
[Black "Pinho, Paulo Miguel"]
[Result "0-1"]
[WhiteElo "1892"]
[BlackElo "2186"]
[PlyCount "90"]
[EventDate "2018.01.23"]
[EventType "swiss"]
[EventRounds "10"]
[EventCountry "GGB"]
[SourceTitle "CBM 183"]
[Source "ChessBase"]
[SourceDate "2018.03.14"]
[SourceVersion "1"]
[SourceVersionDate "2018.03.14"]
[SourceQuality "1"]

1. b4 e6 2. Bb2 Nf6 3. a3 b6 4. Nf3 Bb7 5. g3 Be7 6. Bg2 0-0 7. 0-0 d6 8. c4 Nbd7 9. d4 c5 10. dxc5 bxc5 11. b5 Nb6 12. Nbd2 Ne4 13. Nxe4 Bxe4 14. Nd2 Bxg2 15. Kxg2 d5 16. Qc2 a6 17. a4 dxc4 18. Rfd1 axb5 19. axb5 Qd7 20. Nxc4 Qxb5 21. Ne5 Rfe8 22. Rdb1 c4 23. Bc3 Qc5 24. Rxa8 Rxa8 25. Nf3 Nd5 26. Bd4 Qc6 27. Kh3 Qe8 28. Kg2 Ra3 29. Be5 Nb4 30. Qe4 Bf8 31. h4 h6 32. g4 Qc6 33. Qf4 Nd5 34. Qc1 Ra8 35. g5 h5 36. Kg3 Ne7 37. Bf4 Nf5+ 38. Kh3 Qe4 39. g6 f6 40. Kh2 Ba3 41. Qd2 Qxb1 42. Qd7 Qe4 43. Bc7 Be7 44. Qb5 Nxh4 45. Qxh5 Nxg6 0-1